000 00557nam a2200181Ia 4500
003 GCL
008 140319s9999 xx 000 0 ara d
040 _aGCL /
_cGCL
082 0 4 _a811.009
_bو ش
100 1 _aوهب احمد رومية
245 1 0 _aشعرنا القديم والنقد الجديد /
_cوهب احمد رومية
300 _a374 ص
490 _aعالم المعرفة
_v207
650 0 4 _aالشعر العربى
650 0 4 _aالادب العربى
650 0 4 _aالشعر العربى - تاريخ ونقد
942 _2ddc
_cBK
999 _c51491
_d51491